The professional writing guide : (Record no. 478659)

000 -LEADER
fixed length control field 00584nam a22001937a 4500
003 - CONTROL NUMBER IDENTIFIER
control field NUST
005 - DATE AND TIME OF LATEST TRANSACTION
control field 20180628044808.0
008 - FIXED-LENGTH DATA ELEMENTS--GENERAL INFORMATION
fixed length control field 180628b ||||| |||| 00| 0 eng d
020 ## - INTERNATIONAL STANDARD BOOK NUMBER
International Standard Book Number 9780582871816
038 ## - RECORD CONTENT LICENSOR
Staff Name Arshad
040 ## - CATALOGING SOURCE
Original cataloging agency NUST-Fiction
082 ## - DEWEY DECIMAL CLASSIFICATION NUMBER
Classification number 808.042
Author Mark PET
100 ## - MAIN ENTRY--PERSONAL NAME
Personal name Petelin, Roslyn
9 (RLIN) 11319
245 ## - TITLE STATEMENT
Title The professional writing guide :
Remainder of title writing well and knowing why/
Statement of responsibility, etc. Roslyn Petelin
260 ## - PUBLICATION, DISTRIBUTION, ETC.
Place of publication, distribution, etc. Australia
Name of publisher, distributor, etc. Bussiness and professional publishing
Date of publication, distribution, etc. 2004
300 ## - PHYSICAL DESCRIPTION
Extent ix, 230p. :
Accompanying material 22 cm
650 ## - SUBJECT ADDED ENTRY--TOPICAL TERM
Topical term or geographic name entry element English language--Rhetoric
9 (RLIN) 10500
942 ## - ADDED ENTRY ELEMENTS (KOHA)
Koha item type Book
Source of classification or shelving scheme
Holdings
Withdrawn status Lost status Source of classification or shelving scheme Damaged status Not for loan Collection code Permanent Location Current Location Shelving location Date acquired Total Checkouts Full call number Barcode Checked out Date last seen Date last checked out Copy number Price effective from Koha item type
            Central Library (CL) Central Library (CL) Book Cart 06/28/2018 2 808.042 PET CL2266 05/28/2026 01/28/2026 01/28/2026 1 06/28/2018 Book
© 2023 Central Library, National University of Sciences and Technology. All Rights Reserved.